00515nam a2200169Ia 450000500170000000800410001708200130005824500540007126000400012530000180016565000110018365000130019470000220020794200060022995200950023599900150033020240515021917.0240331s9999 xx 000 0 und d bGLOa330 0aGlobalization :bthe Imperial thrust of modernity aMumbaibVikas Adhyayan Kendrac2002 axvi, 117 p ., aSocial aEconomic aKoshy, Ninaneedt cL 001040708LaWERCLbWERCLcSSCd2024-03-31l0o 330 GLOp4752r2024-03-31w2024-03-31yL c2556d2556